| 000 | 00381nam a2200145Ia 4500 | ||
|---|---|---|---|
| 008 | 211109s9999||||xx |||||||||||||| ||und|| | ||
| 082 |
_a894.812 _bGUN-V |
||
| 100 | _aGundert, Hermann | ||
| 245 | 0 | _aVajrasuci | |
| 260 |
_bD c Books _aKottayam _c1992 |
||
| 300 | _a479p | ||
| 630 | _xGENERAL STACK | ||
| 650 |
_aMalayalam literature _vLiterature & rhetoricMalayalam |
||
| 942 | _cBOOK | ||
| 999 |
_c45091 _d45091 |
||